Le Théâtre romain (notice n° 1567337)
[ vue normale ]
| 000 -LEADER | |
|---|---|
| fixed length control field | 01366cam a2200145 4500500 |
| 005 - DATE AND TIME OF LATEST TRANSACTION | |
| control field | 20251214002711.0 |
| 041 ## - LANGUAGE CODE | |
| Language code of text/sound track or separate title | fre |
| 042 ## - AUTHENTICATION CODE | |
| Authentication code | dc |
| 100 10 - MAIN ENTRY--PERSONAL NAME | |
| Personal name | Dupont, Florence |
| Relator term | author |
| 245 00 - TITLE STATEMENT | |
| Title | Le Théâtre romain |
| 260 ## - PUBLICATION, DISTRIBUTION, ETC. | |
| Name of publisher, distributor, etc. | Armand Colin,<br/> |
| Date of publication, distribution, etc. | 2017.<br/> |
| 520 ## - SUMMARY, ETC. | |
| Summary, etc. | Enrichir l’histoire des théâtres antiques en présentant le théâtre romain comme un théâtre du jeu est la vocation première de cet ouvrage. Le théâtre romain est un théâtre rituel, codifié et musical qui ne se réduit ni à l’imitation maladroite du théâtre grec ni à la grossière préfiguration du théâtre classique. Et l’approche des quelques pièces conservées de ce théâtre, relues non plus comme des textes littéraires, mais en fonction du spectacle auquel elles étaient destinées ouvre une perspective anthropologique et dramaturgique nouvelle. Les auteurs ont ainsi cherché à reconstituer la pratique théâtrale romaine en retrouvant le jeu corporel des acteurs, l’usage des voix et de la musique ainsi que les attentes du public. Ils montrent que ce théâtre était bien du « spectacle vivant » et qu’il peut fournir aux metteurs en scène contemporains de quoi inventer de nouveaux spectacles. |
| 700 10 - ADDED ENTRY--PERSONAL NAME | |
| Personal name | Letessier, Pierre |
| Relator term | author |
| 856 41 - ELECTRONIC LOCATION AND ACCESS | |
| Uniform Resource Identifier | <a href="https://shs.cairn.info/le-theatre-romain--9782200617745?lang=fr&redirect-ssocas=7080">https://shs.cairn.info/le-theatre-romain--9782200617745?lang=fr&redirect-ssocas=7080</a> |
Pas d'exemplaire disponible.




Réseaux sociaux